000 00945cam a2200313 i 4500
999 _c2872
_d2872
001 016970615
003 Uk
005 20230829114844.0
008 141013s2014 enka j 000 0 eng d
015 _aGBB5A7570
_2bnb
016 7 _a016970615
_2Uk
020 _a9781906622305 (pbk.) :
035 _a(UkCU)5989269
038 _aUkLoRLUK
040 _aUK-WkNB
_beng
_cUK-WkNB
_dUkCU
_dKH8
042 _aukscp
043 _ae-uk---
082 _a510 PEA
100 1 _aPearce, Stephen,
_eauthor.
245 1 0 _aTarget your maths.
_nYear 6 /
_cStephen Pearce.
264 1 _aWelwyn Garden City, Herts. :
_bElmwood education,
_c2014.
300 _a166 pages :
_billustrations (colour) ;
_c28 cm
336 _atext
_2rdacontent
337 _aunmediated
_2rdamedia
338 _avolume
_2rdacarrier
650 0 _aMathematics
_xStudy and teaching (Elementary)
_zGreat Britain.
650 0 _aMathematics
_vProblems, exercises, etc.
942 _2ddc
_cTR